The international guide to legal deposit

Bibliographic Details
Main Author: Jasion, Jan T. (Author)
Format: Book
Language:English
Published: New York : Routledge 1991
Edition:First edition
Subjects:

MARC

LEADER 00000cam a2200000 7i4500
001 0000029536
005 20241128.0
008 211222 nyu eng
020 |a 9781138350694 (hbk) 
040 |a INS   |b eng   |e rda 
090 0 0 |a Z649.D4   |b J25 1991 
100 1 |a Jasion, Jan T. ,   |e author 
245 1 4 |a The international guide to legal deposit   |c Jan T. Jasion 
250 |a First edition 
264 1 |a New York :   |b Routledge   |c 1991 
264 4 |c ©1991 
300 |a ix, 210 pages ;   |c 25 cm. 
336 |a text  |2 rdacontent 
337 |a unmediated  |2 rdamedia 
338 |a volume  |2 rdacarrier 
504 |a Includes bibliographical references 
650 0 |a Depository libraries 
650 0 |a Legal deposit (of books, etc.) 
999 |a 1000004380   |b BOOK   |c Open Shelf   |e Default branch